Statistics for Ecstacy and Fanum Tax lyrics

Click here to take the quiz!

General Stats

  • This quiz has been taken 114 times
  • The average score is 24 of 26

Answer Stats

Word in EcstacyWord in Fanum TaxFanum Tax word Family% Correct
popularfanum taxslang
100%
tonguegyattslang
100%
picturerizzlerslang
100%
forforpreposition
98%
outoutpreposition
98%
sosoadverb
98%
sosoadverb
98%
thethenoun
98%
youryourpronoun
98%
youryourpronoun
98%
youryourpronoun
98%
you'reyou'repronoun
98%
you'reyou'repronoun
98%
bebeadjective
95%
IIpronoun
95%
justjustadjective
95%
prettyskibidislang
95%
Stickingstickingverb
95%
wannawannaadverb
95%
sweetheartsigmaslang
93%
givegiveverb
88%
memepronoun
88%
comecomeverb
86%
hereherenoun
86%
F****ngfreakingadverb
64%
heartOhionoun
64%

Score Distribution

Percentile by Number Answered

Percent of People with Each Score

Your Score History

You have not taken this quiz